| 000 | 00623nam a22002297a 4500 | ||
|---|---|---|---|
| 001 | BR9606673 | ||
| 003 | BR-BrBNA | ||
| 005 | 20230928095313.0 | ||
| 007 | ta | ||
| 008 | 230509b bl.||||| |||| 00| 0 por d | ||
| 040 |
_aBR-BrBNA _bpor _cBiblioteca Nacional de Agricultura |
||
| 041 | _a(Por) | ||
| 072 | _aL02; D50 | ||
| 090 | _ L02 BR9606673 | ||
| 110 | 1 |
_aInstituto de Zootecnia, Sao Paulo, SP (Brasil) _96284 |
|
| 245 | 1 | _aRegulamento das provas de ganho de peso | |
| 260 | 3 |
_aSao Paulo, SP (Brasil): _c[nd]. |
|
| 300 | _a8 p. | ||
| 650 | _aGanho de Peso | ||
| 909 |
_a202309 _bLucia _c55 _dLucia Elande |
||
| 942 | _cBK | ||
| 999 |
_c55762 _d55762 |
||